Logo BPK

Biblioteka

Politechniki Koszalińskiej

Von Buch zu Buch, Günter Grass in der Kritik : (Rekord nr 50374)

Szczegóły MARC
000 -ETYKIETA REKORDU
podpole kontrolne o stałej długości 00540nam a2200193 i 4500
001 - NUMER KONTROLNY REKORDU
pole kontrolne bgj
040 ## - ŹRÓDŁO KATALOGOWANIA
Instytucja, która utworzyła rekord BPK
041 0# - KOD JĘZYKA
Kod języka tekstu ger
044 ## - KOD KRAJU WYDAWCY/PRODUCENTA
Kod kraju wydawcy/producenta DEU
080 ## - UNIWERSALNA KLASYFIKACJA DZIESIĘTNA - UKD
UKD 821.112.2
008 - POLE O STAŁEJ DŁUGOŚCI - DANE KONTROLNE
podpole kontrolne o stałej długości s gw f |000 0 ger
245 10 - TYTUŁ/ODPOWIEDZIALNOŚĆ
Tytuł Von Buch zu Buch, Günter Grass in der Kritik :
Ciąg dalszy tytułu eine Dokumentation /
Pozostałe elementy strefy tytułu i oznaczenia odpowiedzialności hrsg. von Gert Loschütz.
260 ## - STREFA ADRESU WYDAWNICZEGO
Miejsce wydania Neuwied ;
-- Berlin :
Nazwa wydawcy/dystrybutora Luchterhand,
Data publikacji, dystrybucji/powstania dokumentu 1968.
300 ## - STREFA OPISU FIZYCZNEGO
Objętość 239 s. ;
Rozmiary 20 cm.
504 ## - UWAGA DOTYCZĄCA BIBLIOGRAFII
Informacje o bibliografii Bibliogr. s. 233-237.
650 9# - HASŁO PRZEDMIOTOWE W FORMIE NAZWY OGÓLNEJ LUB JEDNOSTKOWEJ
Nazwa ogólna lub geograficzna Literatura niemiecka
700 1# - HASŁO DODATKOWE - NAZWA OSOBOWA
Nazwa osobowa LOSCHÜTZ, Gert.
856 ## - LOKALIZACJA I DOSTĘP DO ELEKTRONICZNYCH DOKUMENTÓW ZDALNYCH
Link (URL) http://koha.tu.koszalin.pl/cgi-bin/koha/opac-detail.pl?biblionumber=50374
Tekst linku Katalog online BPK
942 ## - DODATKOWE ELEMENTY (KOHA)
Typ dokumentu Książka
Egzemplarze
Wycofany Status egzemplarza Uszkodzony Dostępność Lokalizacja stała Lokalizacja bieżąca Miejsce przechowywania Sygnatura Kod kreskowy Typ dokumentu
      Tylko na miejscu Biblioteka Politechniki Koszalińskiej Biblioteka Politechniki Koszalińskiej Czytelnia Wydziałowa ul. Kwiatkowskiego 6e N 280 02120966 Książka
© 2023 Biblioteka Politechniki Koszalińskiej :: KOHA